000 00228nam a2200097Ia 4500
005 20251222113743.0
008 251222s1900||||xx |||||||||||||| ||spa||
082 _aDVD0080/R34/1965
245 0 _aLa agonía y el éxtasis.
942 _cDVD
999 _c678
_d678